Water and wastewater technology / (Record no. 69317)
[ view plain ]
| 000 -LEADER | |
|---|---|
| fixed length control field | 01568nam a22003137a 4500 |
| 005 - DATE AND TIME OF LATEST TRANSACTION | |
| control field | 2012082700400.0 |
| 008 - FIXED-LENGTH DATA ELEMENTS--GENERAL INFORMATION | |
| fixed length control field | 120827t xxu||||| |||| 00| 0 eng d |
| 010 ## - LCCN (DPL NO) | |
| LC control number | ENG-105639 |
| 020 ## - INTERNATIONAL STANDARD BOOK NUMBER | |
| International Standard Book Number | 9788120346017 |
| Terms of availability | 450.00 |
| 035 ## - SYSTEM CONTROL NUMBER | |
| System control number | EN-89172 |
| 037 ## - SOURCE OF ACQUISITION | |
| Source of stock number/acquisition | DBAD/PUB |
| 040 ## - CATALOGING SOURCE | |
| Original cataloging agency | DPL |
| Language of cataloging | Eng |
| 082 00 - DEWEY DECIMAL CLASSIFICATION NUMBER | |
| Classification number | 628.1 |
| Edition number | 22 |
| 100 1# - MAIN ENTRY--PERSONAL NAME | |
| Personal name | Hammer, Mark J., |
| Dates associated with a name | 1931- |
| 9 (RLIN) | 51509 |
| 245 10 - TITLE STATEMENT | |
| Title | Water and wastewater technology / |
| Statement of responsibility, etc | by Mark J. Hammer [and] Mark J. Hammer, Jr. |
| 250 ## - EDITION STATEMENT | |
| Edition statement | 7th ed |
| 260 ## - PUBLICATION, DISTRIBUTION, ETC. (IMPRINT) | |
| Place of publication, distribution, etc | New Delhi |
| Name of publisher, distributor, etc | PHI Learning |
| Date of publication, distribution, etc | c2012 |
| 270 ## - ADDRESS | |
| Address | M-97, Connaught Circus |
| City | New Delhi |
| Postal code | 110001 |
| 300 ## - PHYSICAL DESCRIPTION | |
| Extent | xi, 460p. : |
| Other physical details | ill. |
| Dimensions | 29cm(pbk) |
| 500 ## - GENERAL NOTE | |
| General note | Includes bibliographical references and index. |
| 505 0# - FORMATTED CONTENTS NOTE | |
| Formatted contents note | Chemistry -- Biology -- Hydraulics and Hydrology -- Water quality -- Water distribution systems -- Water processing -- Operation of waterworks -- Wastewater flows and characteristics -- Wastewater collection systems -- Wastewater processing -- Wastewater systems capacity, management, operation, and maintenance -- Advanced wastewater treatment -- Water reuse. |
| 650 #0 - SUBJECT ADDED ENTRY--TOPICAL TERM | |
| Topical term or geographic name as entry element | Water-supply engineering. |
| 9 (RLIN) | 51510 |
| 650 #0 - SUBJECT ADDED ENTRY--TOPICAL TERM | |
| Topical term or geographic name as entry element | Sewage disposal. |
| 9 (RLIN) | 51511 |
| 700 1# - ADDED ENTRY--PERSONAL NAME | |
| Personal name | Hammer, Mark J., |
| Dates associated with a name | 1957- |
| 9 (RLIN) | 51512 |
| 856 41 - ELECTRONIC LOCATION AND ACCESS | |
| Materials specified | Table of contents only |
| Uniform Resource Identifier | <a href="http://www.loc.gov/catdir/toc/fy11pdf04/2010027782.html">http://www.loc.gov/catdir/toc/fy11pdf04/2010027782.html</a> |
| 942 ## - ADDED ENTRY ELEMENTS (KOHA) | |
| Source of classification or shelving scheme | Dewey Decimal Classification |
| Item type | English Books |
| Classification part | 628.1 |
| Call number suffix | HAM |
| Withdrawn status | Lost status | Source of classification or shelving scheme | Damaged status | Not for loan | Collection code | Home library | Current library | Date acquired | Source of acquisition | Cost, normal purchase price | Total Checkouts | Full call number | Barcode | Date last seen | Copy number | Cost, replacement price | Koha item type |
|---|---|---|---|---|---|---|---|---|---|---|---|---|---|---|---|---|---|
| Dewey Decimal Classification | Not For Loan | Non-fiction | D.B.Act.Division | D.B.Act.Division | 27/08/2012 | DBAD/PUB | 450.00 | 628.1 HAM | EN-89172 | 27/08/2012 | 1 | 450.00 | English Books |
